000
00342 a2200157 4500
001
13292
020
_a
9788516042196
040
_c
Anchieta - Aquarius
100
_a
Bandeira, Pedro
240
1
0
_a
Um gol de placa
_l
por
245
1
0
_a
Um gol de placa
300
_a
22
362
0
_a
2011
650
4
_a
Literatura infanto-juvenil
942
_c
BK
999
_c
13292
_d
13292